[Event "LSS ZN-2009-0-00609"]
[Site "LSS email"]
[Date "2009.05.19"]
[Round "?"]
[White "Sinygovsky, Vladimir"]
[Black "Korystin, Pavel"]
[Result "1-0"]
[WhiteElo "800"]
[BlackElo "800"]
[PlyCount "63"]
[EventDate "2009.05.12"]
[EventType "match (corr)"]
[EventRounds "2"]
[EventCountry "GER"]
[SourceTitle "Corr 2011"]
[Source "ChessBase"]
[SourceDate "2010.08.31"]
[SourceVersion "1"]
[SourceVersionDate "2010.08.31"]
[SourceQuality "1"]

1. a3 Nf6 2. Nf3 d6 3. d4 Nc6 4. d5 Ne5 5. Nc3 Bg4 6. h3 Bxf3 7. exf3 a6 8. Be3 Qd7 9. Be2 e6 10. 0-0 exd5 11. Nxd5 Be7 12. Nxe7 Qxe7 13. Re1 h6 14. f4 Nc6 15. Bf3 0-0 16. Bd4 Qd8 17. Bc3 Re8 18. Rxe8+ Nxe8 19. Qd5 Qh4 20. Qb3 Ra7 21. Bxc6 Ra8 22. Qxb7 Rd8 23. Re1 Nf6 24. Qxc7 Nh5 25. Re8+ Rxe8 26. Bxe8 Qxf4 27. g4 Qc1+ 28. Kg2 Nf4+ 29. Kh2 f6 30. Bf7+ Kh7 31. Qc8 h5 32. g5 1-0

[Event "LSS ZN-2009-0-00598"]
[Site "LSS email"]
[Date "2009.05.07"]
[Round "?"]
[White "Willoughby, Peter"]
[Black "Korystin, Pavel"]
[Result "0-1"]
[WhiteElo "873"]
[BlackElo "800"]
[PlyCount "50"]
[EventDate "2009.05.03"]
[EventType "match (corr)"]
[EventRounds "2"]
[EventCountry "GER"]
[SourceTitle "Corr 2011"]
[Source "ChessBase"]
[SourceDate "2010.08.31"]
[SourceVersion "1"]
[SourceVersionDate "2010.08.31"]
[SourceQuality "1"]

1. d4 d5 2. Nf3 Nf6 3. e3 Nc6 4. c3 e5 5. Nxe5 Bd6 6. f4 Bxe5 7. dxe5 Ne4 8. Nd2 Qh4+ 9. Ke2 Ng3+ 10. Kd3 Nxh1 11. Kc2 Bf5+ 12. Bd3 Bxd3+ 13. Kb3 Qxh2 14. Nf3 Qxg2 15. Qxd3 Qxf3 16. Qb5 0-0 17. Qd3 Qe4 18. Qf1 a5 19. a4 Ng3 20. Qg1 Ne2 21. Qd1 Nxc1+ 22. Rxc1 Qxe3 23. Qxd5 Qxc1 24. e6 Qxf4 25. exf7+ Qxf7 0-1